03190nam a2200349 a 4500001001200000003000800012006001900020007001500039008004100054010001700095020003800112020002700150040002100177035002100198050002500219082001500244245023200259260006100491300003000552504005100582505011400633520163600747533015202383650003602535655002902571700002802600700002602628700002602654710001702680856012602697999001702823ebr10630629CaPaEBRm o u cr cn|||||||||110829s2012 enkac sb 001 0 eng d z 2011036443 z9780813807867 (pbk. : alk. paper) z9780470963272 (e-book) aCaPaEBRcCaPaEBR a(OCoLC)79806569314aRJ502.3b.C45 2012eb04a618.9222300aChild and adolescent behavioral healthh[electronic resource] :ba resource for advanced practice psychiatric and primary care practitioners in nursing /ceditors, Edilma L. Yearwood, Geraldine S. Pearson, Jamesetta A. Newland. aChichester, West Sussex, U.K. :bWiley-Blackwell,c2012. axx, 572 p. :bill., port. aIncludes bibliographical references and index.0 asection 1. Assessment -- section 2. Treatment -- section 3. Special populations -- section 4. Special issues. a"As an increasing number of children and adolescents with psychiatric symptoms go unrecognized in our current health care system, the ability to identify and treat these issues in multiple health care settings has become vitally important. With access to primary care providers increasing and a shortage of child psychiatric providers, collaboration between psychiatric, pediatric and family advanced practice nurses is essential to improving care for this vulnerable population. Child and Adolescent Behavioral Health: A Resource for Advanced Practice Psychiatric and Primary Care Practitioners in Nursing provides a practical reference to aid in this endeavor. Aimed at advanced practice nurses and graduate students in nursing, this book is divided into 4 sections addressing assessment, treatment, special populations, and special issues. Within these sections, each chapter includes state-of-the-art, evidence-based information about the most common issues faced by psychiatric and primary care practitioners alike. Chapters focused on disorders review clinical manifestation, etiology, nursing interventions, integration with primary care, and implications for practice, research, and education. Chapters focused on issues describe the linkages between the behavioral/psychiatric profile of the child and associated risk and management strategies. Written/reviewed by over 70 nurse experts, Child and Adolescent Behavioral Health: A Resource for Advanced Practice Psychiatric and Primary Care Practitioners in Nursing is a must-have reference for all practitioners caring for children and adolescents"--Provided by publisher. aElectronic reproduction.bPalo Alto, Calif. :cebrary,d2015.nAvailable via World Wide Web.nAccess may be limited to ebrary affiliated libraries. 0aAdolescent psychiatric nursing. 7aElectronic books.2local1 aYearwood, Edilma Lynch.1 aPearson, Geraldine S.1 aNewland, Jamesetta A.2 aebrary, Inc.40uhttp://site.ebrary.com/lib/rucke/Doc?id=10630629zAn electronic book accessible through the World Wide Web; click to view c71650d71650